000 00637nam a2200253Ia 4500
005 20260306145508.0
008 008 260114s9999 xx 000 0 eng d
020 _a9780824892210
037 _aEbook
040 _aCRL
040 _beng
040 _cCRL
041 _2eng
041 _aeng
084 _qCRL
100 _aSueki, Fumihiko / Breen, John / Yamada, Shōji
_91123902
245 0 _aBeyond Zen
260 _bUniversity of Hawaii Press
260 _c2022
650 _aTheology and Religion
_91123750
856 _uhttps://www.degruyter.com/isbn/9780824892210
942 _cEBOOK
999 _c1688742
_d1688742